000 01095 a2200193 4500
001 54796
005 20260407155824.0
008 260407a1967 arg spa d
003 AR-UNSa-BCEJYS
040 _aAR-UNSa-BCEJYS
_bspa
_cAR-UNSa-BCEJYS
080 _a316
_xSociología
245 1 0 _aLa sociología en las profesiones
264 1 _aBuenos Aires :
_bPaidós
_c1967
300 _a231 p.
_c22 cm.
505 _aParte I: Perspectivas sociológicas - 1. La sociología y las otras ciencias sociales,por Neil J. Smelser - 2. La sociología y la educación general en el college,por Martín Bressler - 3. Aplicaciones ideológicas de la sociología,por Nathan Glazer - Parte II: La sociología en las profesiones - 4. Las profesiones jurídicas,por Hans Zeisel - 5. El científico social como testigo calificado en casos judiciales,por Arnold M. Rose - 6. La medicina,por Martín D. Hyman - 7. Asistencia social y bienestar social,por Henry J. Meyer,Eugene Litwak,Edwin J. Thomas y Robert D. Vinter
942 _cBK
590 _aniveau_biblio:m niveau_hierar:0
100 1 _aLazarsfeld, Paul F.
999 _c5812
_d5812